| 000 | 00544nam a2200193Ia 4500 | ||
|---|---|---|---|
| 005 | 20250508163325.0 | ||
| 008 | 008 250505s9999 xx 000 0 eng d | ||
| 037 | _aTextual | ||
| 040 |
_aFEDL _beng _cFEDL |
||
| 041 |
_aeng _2eng |
||
| 084 |
_a418, RIV _qFEDL |
||
| 100 | _aRivers Wilga M | ||
| 245 | 0 | _aSpeaking in many tongues : Essays in foreign language teaching | |
| 250 | _a2nd | ||
| 260 |
_aCambridge _bCambridge University Press _c1976 |
||
| 300 | _a258p. | ||
| 942 |
_cTEXL _h418, RIV |
||
| 999 |
_c1382328 _d1382328 |
||